| 000 | 01270cam a22003615i 4500 | ||
|---|---|---|---|
| 999 |
_c10977 _d10977 |
||
| 001 | 15098719 | ||
| 003 | EG-ScBUE | ||
| 005 | 20200826151130.0 | ||
| 008 | 071130t20092009njua f b 000 0 eng d | ||
| 020 | _a0135013208 | ||
| 020 | _a9780135013205 | ||
| 035 | _a(OCoLC)ocn182716619 | ||
| 035 | _a(OCoLC)182716619 | ||
| 040 |
_aDLC _beng _erda _cDLC _dBAKER _dC#P _dYDXCP _dBWX _dDLC _dEG-ScBUE |
||
| 082 | 0 | 0 |
_a658.4012 _bDAV _222 |
| 100 | 1 |
_aDavid, Fred R., _eauthor. _922473 |
|
| 245 | 1 | 0 |
_aStrategic management : _bconcepts and cases / _cFred R. David, Francis Marion University, Florence, South Carolina. |
| 250 | _aTwelfth edition. | ||
| 264 | 1 |
_aUpper Saddle River : _bPearson Education, _c[2009] |
|
| 264 | 4 | _cc2009 | |
| 300 |
_a326 pages : _billustrations (chiefly color) ; _c29 cm |
||
| 336 |
_atext _btxt _2rdacontent |
||
| 337 |
_aunmediated _bn _2rdamedia |
||
| 338 |
_avolume _bnc _2rdacarrier |
||
| 504 | _aIncludes bibliographical references. | ||
| 590 | _adoaa mohamed | ||
| 650 | 7 |
_aStrategic planning. _2BUEsh |
|
| 650 | 7 |
_aStrategic planning _vCase studies. _2BUEsh |
|
| 651 | _2BUEsh | ||
| 653 |
_bBUSADM _cAugust2020 |
||
| 942 |
_2ddc _cBB |
||